000 00872nam0a22002651 4500
001 v19\rc\1584874
005 20250618212619.0
035 _a(NLR Aleph) 004710823
090 _a4197745
_c4197745
100 _a20061002d1894 |||y0rusy50 ca
101 0 _arus
102 _aRU
105 _ay z |||||
200 1 _aОб истреблении волков в Акшинском округе Забайкальской области
_f[Врач Кокосов]
210 _a[Чита
_d1894]
215 _a7 с.
_d34
300 _aАвт. указан в конце текста
309 _aБез тит. л. и обл.
700 1 _aКокосов
_bВ.Я.
_f1845-1911
_gВладимир Яковлевич
801 0 _aRU
_bNLR
_gpsbo
801 0 _aRU
_bRuMoRGB
_2psbo
801 1 _aRU
_bProSoft-M
_2rusmarc
852 _aNLR
_j18.286.1.281
942 _cBOOK
980 _aNB